000 00972cam a2200181 4500
001 ABS66115
008 021120n2002 000 0 eng u
035 _a(Sirsi) u120517
100 _aCavanagh, E.
245 2 _aA standard to be raised
260 _c2002
490 _aEstates Gazette
_v(0245) 9 November 2002, 117-118(2)
520 _aDetails the reactions to the Common Auction Conditions which were published last year. Explains how some auctioneers have already adopted the new conditions while others are more wary. RICS has worked with Paul Clark, senior property partner at law firm DJ Freeman on drafting a clear new look set of conditions. The final draft of these should be out by 2003 and some firms such as FPD Savills are waiting until then before deciding whether to adopt the conditions.
590 _aABS
650 _aRICS COMMON AUCTION CONDITIONS FOR AUCTIONS OF REAL ESTATE IN ENGLAND AND WALES
690 _aAuctioneering
_96218
942 _n0
999 _c71600
_d71600